[Event "Andorra op 27th"]
[Site "Arinsal"]
[Date "2009.07.25"]
[Round "8"]
[White "Marin, Mihail"]
[Black "Shytaj, Luca"]
[Result "1-0"]
[WhiteElo "2583"]
[BlackElo "2455"]
[Annotator "Marin,M"]
[PlyCount "79"]
[EventDate "2009.07.18"]
[EventType "swiss"]
[EventRounds "9"]
[EventCountry "AND"]
[SourceTitle "CBM 131 Extra"]
[Source "ChessBase"]
[SourceDate "2009.09.03"]
[SourceVersion "2"]
[SourceVersionDate "2009.09.16"]
[SourceQuality "1"]

1. c4 e5 2. g3 Nf6 {Luka decides to deviate from our previous game, but he
will eventually be tricked into the same kind of position...} (2... Nc6 3. Nc3
g6 4. Bg2 Bg7 5. e4 d6 6. Nge2 h5 7. h4 Bg4 8. f3 Be6 9. d3 Qd7 10. Bg5 Nce7 {
/\c6, d5} (10... Nd8 11. b4 $5) (10... Nge7 11. Nd5 $14) (10... Nh6 11. Nd5 $14
) (10... f6 11. Be3 Nh6 12. Qd2 Nf7 13. Nd5 O-O 14. f4 $36 {/\0-0-0}) 11. Qd2
c6 (11... c5 12. b4 $5 cxb4 13. Nd5 Bxd5 14. cxd5 $44 {פe7, g8, /\Bh3}) 12.
Rd1 Nf6 (12... O-O-O 13. b4 $40) 13. O-O d5 (13... O-O {ףd7, Ne7} 14. b3 $14 {
/\d4} d5 15. d4 exd4 (15... dxc4 $2 16. dxe5 $18 {פe7}) (15... dxe4 16. dxe5
$18 {פe7}) 16. Nxd4 dxc4 (16... dxe4 17. Nxe4 Nxe4 18. fxe4 {פe7} c5 19. Nxe6
Qxe6 20. Qd7 Nc6 21. Qxe6 fxe6 22. Rd7 $36) 17. Qf4 $36) 14. d4 $5 (14. cxd5
cxd5 15. d4 dxe4 16. fxe4 Nh7 17. Bh6 O-O 18. Bxg7 Kxg7 19. Nd5 Bxd5 20. dxe5
$1 $14) 14... dxc4 (14... exd4 $2 15. Qxd4 $1 $18) (14... dxe4 15. dxe5 Qxd2
16. Bxd2 Nd7 17. Nxe4 Nf5 18. b3 Bxe5 19. Nf4 $14) 15. dxe5 Qxd2 16. Rxd2 (16.
Bxd2 Nd7 17. f4 Nc5 18. Be3 Nd3 19. b3 $14 {Shytaj}) 16... Nh7 17. f4 $6 (17.
Bf4 $5 Nf8 18. Nd4 Bd7 19. Rfd1 b5 20. b3 b4 21. Na4 c3 22. Rd3 $16) 17... Nxg5
18. hxg5 Rd8 $1 19. Rfd1 (19. Rd6 Bg4 $5 20. Rfd1 Rxd6 21. exd6 $2 Bxc3 $1)
19... Rxd2 20. Rxd2 O-O $6 (20... Nc8 21. Nd4 Bd7 22. Bf1 Nb6) 21. Nd1 $14 Rc8
22. Ne3 b5 23. Rd6 c5 24. Nc3 $16 {Marin,M (2556)-Shytaj,L (2472)/Reggio
Emilia 2008 (1-0, 43)}) 3. Bg2 Nc6 4. Nc3 g6 5. e4 {For some reason, Luca did
not expect this move.} ({He had counted on} 5. Nf3 Bg7 6. d4 ({or} 6. O-O O-O
7. d3 d6) 6... exd4 7. Nxd4) 5... Nd4 $5 {It is not usual for Black to move
forward with his knight so early.} 6. Nge2 Nxe2 (6... c5 7. Nxd4 exd4 (7...
cxd4 8. Nd5 Nxd5 9. exd5 d6 10. d3 Bg7 11. O-O O-O 12. Bd2 f5 13. f4 $14) 8.
Ne2 $14) 7. Qxe2 {Black has avoided any structural damage, but the simplifying
operation has helped White's development.} Bg7 8. d3 d6 9. O-O Nh5 $146 ({
Luca was afraid that after} 9... O-O 10. f4 exf4 11. gxf4 {it would be too
late for} Nh5 {because of} 12. Bf3 Bh3 13. Rf2 Nf6 14. Be3 $14 {followed by a
slow, but consistent attack with Kh1, Rg1.}) ({His insufficient development
would not justify an early opening of the h-file either:} 9... h5 10. Bg5 $1 (
10. h3 Be6 11. f4 Qd7 12. Qf2 exf4 $1 (12... Bxh3 13. fxe5 dxe5 14. Nd5 Nxd5
15. Bxh3 Qxh3 16. Qxf7+ Kd8 17. Rf3 $3 $16) 13. Bxf4 O-O 14. Kh2 h4 $132) 10...
h4 11. gxh4 (11. Bxh4 Rxh4 12. gxh4 Bh6 $44) 11... Bh6 12. f4 Bxg5 13. fxg5 $1
(13. hxg5 Nh5 14. fxe5 dxe5 15. Nd5 {Shytaj} c6 16. Nf6+ Nxf6 17. Rxf6 Be6 $44)
13... Nh5 14. d4 c6 (14... exd4 15. Qf2 $16) (14... Nf4 15. Rxf4 $1 exf4 16.
Nd5 $16) 15. Rad1 Nf4 16. Rxf4 exf4 17. e5 $36) (9... c6 {Soffer,R (2508)
-Fogarasi,T (2420)/Budapest 1999/EXT 2000 (1-0, 35)} 10. f4 $36) 10. Be3 $1 {
White changes his plans. With the knight on h5, Black cannot find a favourable
way to carry out the desirable break ...f5, because of the simple exf5. In
most of the cases, ...Bxf5 would lose a piece to g4, while ...Rxf5 would fail
to improve Black's development and control on the light squares.} ({Black was
ready to meet} 10. f4 {with} exf4 11. gxf4 Qh4 $132) 10... O-O 11. Rad1 c6 ({
Black could prevent the opening of the centre with} 11... c5 {, but this would
lead to a symmetrical position where White's superior development and the
unfortunate position of the black knight are telling factors.} 12. b4 b6 (12...
cxb4 13. Nd5 a5 14. Bb6 Qd7 15. d4 $36) 13. Rb1 Be6 14. Nd5 Qd7 15. bxc5 bxc5 (
15... dxc5 16. Qc2 $14 {/\a4-a5, ><b6}) 16. Rb3 Rab8 17. Rfb1 $16) 12. d4 Qe7
13. Rd2 $1 f5 $6 {Luca finally loses his patience. He confessed after the game
that he had hoped to tempt me into embarking on any of the unclear variations
given below.} (13... Be6 $6 14. d5 Bd7 (14... cxd5 15. Nxd5 $16) 15. dxc6 Bxc6
16. Rfd1 $16) (13... Nf6 14. h3 Be6 15. c5 $1 $16) ({The most solid
continuation would have been} 13... Bd7 14. Rfd1 Rfd8 ({The generally desirable
} 14... Rad8 {drops a pawn to} 15. dxe5 dxe5 16. Bxa7 $16) 15. a3 $5 $14 {
White is in total control of the position and prepares to win even more space
with b4 followed by either c5 or d5. The immediate 15.b4 may also be good, but,
since Black has no counterplay at all, it is better to defend the b4-square
before occupying it.}) 14. exf5 Bxf5 15. d5 $1 $16 {/\g4} (15. g4 $2 exd4 16.
Bxd4 Qxe2 17. Nxe2 Bxg4 $17) (15. dxe5 Bxe5 16. g4 (16. f4 $6 Bxc3 17. bxc3
Rae8 $15) 16... Qh4 17. h3 Nf4 18. Bxf4 Bxf4 19. gxf5 Rae8 20. Qd3 Bxd2 21.
Qxd2 Rxf5 $13) 15... Bd7 16. c5 $1 {The decisive blow, causing major damage to
Black's structure.} ({Once again, White's greediness would offer Black
adequate counterplay:} 16. dxc6 Bxc6 17. Bxc6 bxc6 18. Rfd1 Rad8 19. Ne4 Nf4 $1
{This move becomes possible only with a white knight on e4. Otherwise, Bxf4
would win a piece because of the pin along the e-file.} 20. gxf4 exf4 21. Bd4
f3 $132) 16... dxc5 17. dxc6 Bxc6 18. Bxc6 bxc6 19. Ne4 $16 {It is virtually
impossible to defend a position with so many weaknesses.} Rfd8 20. Rfd1 Rxd2
21. Rxd2 Qf7 22. b3 Nf6 {[%cal Gf6d5]} (22... c4 23. Nd6 $16) 23. Nxf6+ $1 {
It is essential to exchange the only black piece that may have become active.}
(23. Nd6 Qb7 $1 (23... Qc7 $2 {or any elsewhere} 24. Qc4+ Nd5 25. Rxd5 $1 $18)
24. Bxc5 Nd5 $14) 23... Bxf6 24. Bxc5 Re8 25. Qe4 Re6 26. Qc4 $1 {Black is
helpless against the threat of Bxa7.} Bg5 27. Re2 a5 28. Bb6 h5 (28... a4 29.
bxa4 $1 $18) 29. Bxa5 $18 h4 30. Bc3 Bf6 31. Kg2 Kg7 32. Qe4 Qd7 33. gxh4 Kf7
34. f4 Bxh4 35. fxe5 (35. f5 $1 gxf5 36. Qxf5+ $1 (36. Qxh4 $2 Qd5+ $1 $11)
36... Kg8 (36... Ke8 37. Qxe6+ Qxe6 38. Rxe5 $18) 37. Rxe5 $18) 35... Qe7 36.
Qg4 c5 37. Re3 Ke8 $6 (37... g5) 38. Rh3 $1 g5 39. Rf3 $18 {עe8, /\Qa4+} Ra6
$2 40. Qc8+ 1-0

[Event "Dortmund SuperGM 40th"]
[Site "Dortmund"]
[Date "2012.07.15"]
[Round "3"]
[White "Kramnik, Vladimir"]
[Black "Bartel, Mateusz"]
[Result "1-0"]
[WhiteElo "2799"]
[BlackElo "2674"]
[Annotator "Marin,M"]
[PlyCount "99"]
[EventDate "2012.07.13"]
[EventType "tourn"]
[EventRounds "9"]
[EventCountry "GER"]
[EventCategory "19"]
[SourceTitle "CBM 150"]
[Source "ChessBase"]
[SourceDate "2012.09.14"]
[SourceVersion "1"]
[SourceVersionDate "2012.09.14"]
[SourceQuality "1"]

1. c4 e5 2. Nc3 Nc6 3. g3 f5 {An ambitious setup. If White does not react in
the centre at an early stage, Black will get attacking chances on the kingside.
} 4. Bg2 ({The slightly sophisticated} 4. Nf3 {, planning d2-d4 followed by
the knight move to h4 is supposed to offer White better chances for taking
over the initiative.} Nf6 5. d4 e4 6. Nh4 {Gulko,B (2590)-Browne,W (2535) USA
1994 CBM 044 [Ftacnik] (1-0, 34)}) 4... Nf6 5. e3 {/\Nge2, d4} (5. d3 {is
considered ineffective after} Bb4 {Hickl,J (2602)-Prusikin,M (2504) Germany
2002 CBM 093 [Ribli] (1/2, 42)}) 5... d5 {The principled continuation. Black
takes advantage of the temporary weakness of the d3-square in order to gain
space in the centre.} 6. Nxd5 Nxd5 7. cxd5 Nb4 8. d3 Nxd5 9. Nf3 {
Traditionally, this position was considered as entirely viable for Black, but
after annotating this game I would state that White retains chances for slight
but enduring pressure, something typical of the English Opening.} Bb4+ {
Aiming at rapid development, but helping White to complete his, too.} (9... Bd6
10. O-O Nf6 11. Qb3 (11. e4 fxe4 12. dxe4 O-O 13. b4 {Kavalerov,A (2325)-Najer,
E (2495)/St Petersburg 1994/CBM 041/[Ribli] (1/2, 43)}) 11... Qe7 12. Nd2 (12.
e4 fxe4 13. dxe4 c6 14. Nh4 Be6 15. Qc2 O-O 16. Nf5 Bxf5 17. exf5 Bc5 18. Bg5
Bd4 19. Rae1 Qf7 20. Bxf6 gxf6 21. b4 Rac8 22. Rc1 c5 $132 {Thinius,M (2363)
-Erdos,V (2631)/Deizisau 2012/CBM 147 Extra (1/2, 24)}) 12... Rb8 13. Nc4 a6
14. Bd2 Be6 15. Qa4+ b5 16. Nxd6+ Qxd6 {Berkes,F (2606)-Medvegy,Z (2512)
Hungary 2008 (1/2, 20)} 17. Qc2 O-O 18. Rfc1 $14) 10. Bd2 Bxd2+ 11. Qxd2 Qd6
12. O-O O-O {White is slightly ahead in development and it is his turn to move.
These circumstances make Black's space advantage a bit shaky.} 13. e4 $5 $146 {
A thematic way of fighting for the initiative, although the moves previously
tried look viable, too.} (13. Rac1 Be6 14. Ng5 c6 15. Nxe6 Qxe6 16. Rfe1 Rad8
17. Qa5 a6 18. e4 Ne7 19. exf5 Qxf5 20. Qc5 Nd5 21. Re4 Qg5 22. Rce1 $14 {
Lobron,E (2590)-Sokolov,I (2665)/Nussloch 1996/CBM 053 (1/2, 49)}) (13. Qa5 b6
14. Qb5 c5 15. Qc4 Be6 16. Ng5 Rad8 17. b4 $5 cxb4 18. Nxe6 Qxe6 19. a3 bxa3
20. Rxa3 Rf7 21. Rfa1 a5 22. Rb3 Rf6 23. Rb5 Nb4 24. Rxe5 Qxc4 25. dxc4 $13 {
Komljenovic,D (2425)-Psakhis,L (2565)/Benasque 1998/EXT 2002 (1/2, 45)}) (13.
Rfe1 Be6 {Mareco,S (2187)-Garcia,G (2453)/Buenos Aires 2005/CBM 107 ext (1/2,
21)} 14. e4 $5 $14) 13... Ne7 (13... fxe4 14. dxe4 Ne7 15. Qc3 (15. Qxd6 cxd6
16. Rac1 Nc6 17. Rfd1 Bg4 18. Rd3 Rac8 19. Rcc3 Rfd8 $11) 15... Nc6 16. Rad1
Qf6 17. Rd5 Re8 18. Rc5 $14) 14. d4 $5 {Once again the most straightforward
continuation.} (14. Qc3 $5 {also deserves attention:} Nc6 15. exf5 Bxf5 16.
Rfe1 Rae8 (16... Qxd3 17. Qxd3 Bxd3 18. Ng5 $36) 17. Re3 {[%cal Ga1e1] /\Rae1})
14... fxe4 {It is not easy to find the best way of releasing the tension.} (
14... Nc6 $5 15. dxe5 Qxd2 16. Nxd2 f4 $5 (16... Nxe5 17. f4 Nd3 18. e5 $14)
17. Rfc1 $1 {[%cal Gg2f1] For Black, it is not that easy to consolidate on the
dark squares with ...Nxe5 as he would like to.}) 15. Nxe5 (15. dxe5 Qxd2 16.
Nxd2 Ng6 $11) 15... Bf5 $6 {This practically loses a pawn, with only chances
to survive.} (15... Nf5 $5 16. Rad1 c5 17. Bxe4 Nxd4 18. f4 Bh3 19. Rfe1 Rad8 {
White's position looks a bit more active, but his king is insecure. For
instance:} 20. Qa5 Ne2+ 21. Kf2 $8 Nd4 $8 22. Qxa7 Kh8 $44 {/\...Qxe5, /\...g5}
) 16. Qc3 Rad8 17. Rac1 Nd5 (17... Qxd4 18. Qxd4 Rxd4 19. Rxc7 $16) 18. Qb3 Qb6
19. Qxb6 axb6 20. Rfe1 c6 21. Bxe4 Bxe4 22. Rxe4 $16 {White has won the weak
pawn, but the presence of the Isolani makes the technical process rather
difficult.} Nf6 23. Rf4 Rfe8 24. Kf1 Nd5 25. Rf3 Nb4 26. Rc4 Na6 ({The knight
would embark a dangerous adventure after} 26... Nxa2 27. Ra4 (27. Ra3 b5) 27...
Ra8 (27... Nc1 28. Rc3) 28. Rfa3 Rxa4 29. Rxa4 Nc1 30. f4 b5 31. Ra3 $16) 27.
Re3 b5 28. Rc1 Nb4 29. a3 Nd5 30. Re2 Nb6 31. b3 Rf8 32. Nd3 $1 {After having
restricted the enemy knight, White chooses the best plan: to exchange his weak
pawn for the b7-pawn.} Rxd4 33. Nc5 Rb8 34. Re7 Nd5 35. Rxb7 Rxb7 36. Nxb7 $18
{To the extra pawn, White has added the better structure and the possibility
of creating an outside passed pawn.} Ne7 37. Ke2 Rd7 38. Nc5 Ra7 39. Ra1 Nd5
40. Kd3 Nb6 41. Kd4 Kf7 42. f4 Ra8 43. Nb7 Nd7 44. a4 bxa4 45. bxa4 Kf6 46. a5
Kf5 47. h3 h5 48. Nd6+ Ke6 49. Ne4 Kf5 50. a6 1-0

[Event "Excelsior Cup"]
[Site "Gothenburg"]
[Date "1999.01.13"]
[Round "7"]
[White "Marin, Mihail"]
[Black "Astrom, Robert"]
[Result "1-0"]
[WhiteElo "2527"]
[BlackElo "2415"]
[Annotator "Marin,M"]
[PlyCount "113"]
[EventDate "1999.01.07"]
[EventType "tourn"]
[EventRounds "9"]
[EventCountry "SWE"]
[EventCategory "10"]
[SourceTitle "CBM 069"]
[Source "ChessBase"]
[SourceDate "1999.04.01"]
[SourceVersion "1"]
[SourceVersionDate "1999.04.01"]
[SourceQuality "1"]

1. c4 {Ribli} e5 2. g3 Nc6 3. Bg2 g6 4. Nc3 Bg7 5. Rb1 {'!?' Ribli. Ribli:
'Eine schlaue Zugfolge: Weiß droht 6.b4 und provoziert so die Schwächung des
schwarzen Damenflügels mit 6...a5.'} ({White has an extra-tempo in a Closed
Sicilian with reversed colours, but it is not easy to take an advantage of
this. In fact, modern theory considers that black is doing fine after both} 5.
e3 d6 6. Nge2 h5) ({or} 5. d3 d6 6. Nf3 f5 7. Rb1 a5 {Black is just waiting to
see where is white going to develop his knight before choosing his plan.
Anyway, it would be exagerated to say that white is in zugzwang at the fifth
move. He should only be more tricky.}) 5... a5 (5... Nf6 $5 {Ribli}) 6. d3 {
After provoking a slight weakening of the black queenside, white continues the
wait-and-see tactic.} Nf6 (6... d6 {Ribli} 7. e4 $146 (7. e3 Nf6 8. Nge2 h5 $5
9. h3 O-O 10. b3 Be6 11. Nd5 Rb8 12. Qd2 Qd7 13. Nec3 {0-1 Ehlvest,J-Karpov,A/
Linares 1991/Inf 51/}) 7... f5 8. Nge2 Nf6 9. Nd5 O-O 10. O-O Nb4 $5 11. Nxf6+
Qxf6 12. a3 Nc6 13. Be3 Nd4 $6 (13... fxe4 {/\ 14.de4 Be6-/+} 14. Bxe4 Bh3 $11)
14. Bxd4 exd4 15. exf5 Bxf5 16. Bxb7 Rab8 17. Bd5+ Kh8 18. b4 $1 $16 {1/2-1/2
Timman,J-Jussupow,A/Ubeda 1997/Inf 69/[Timman,J] (46)}) 7. e3 {Ribli: 'Weiß
folgt dem sogenannten Philidor-Prinzip und plaziert seine Figuren hinter den
Bauern.'} (7. e4 {Ribli} O-O 8. Nge2 d6 9. O-O Nh5 10. f4 (10. Be3 $5 f5 11.
exf5) 10... f5 11. exf5 Bxf5 12. h3 Be6 13. fxe5 Rxf1+ 14. Qxf1 Bxe5 15. g4 Qh4
16. Qf2 Bh2+ 17. Kxh2 Qxf2 18. gxh5 Rf8 19. Ng1 Ne5 20. Bh6 Nxd3 {0-1 Cramling,
D-Jussupow,A/Graz 1981/EXT 99 (20)}) 7... O-O 8. Nge2 Ne7 (8... d6 9. O-O Be6
10. Nd5 Qd7 11. Nxf6+ (11. Nec3 Ne8 12. a3 Bh3 13. Bxh3 Qxh3 14. b4 axb4 15.
axb4 Qd7 16. Bd2 Ne7 $11 {Huebner,R-Hertneck,G/Munchen 1991/Inf 51 (16)}) 11...
Bxf6 12. Nc3 Bh3 13. Nd5 Bd8 14. Qb3 $14) 9. e4 $1 {'!?' Ribli.  White is only
apparently losing a tempo. This move stops not only the break in the centre,
it also takes some important squares to the black knight. After the game,
Astrom suggested that he should have returned with the knight to c6. Well,
maybe white won a tempo after all.  Ribli: 'Weiß verhindert den Ausgleichszug
9...d5 und hat jetzt starke Kontrolle über das Feld d5.'} (9. b3 {Ribli} d5 10.
Ba3 $14 {[%cal Ga3f8]} d4 11. exd4 exd4 12. Nb5) (9. O-O $6 {Ribli} d5 10. cxd5
Nfxd5 $11) 9... d6 (9... c6 10. f4 (10. b3 d5 $6 11. exd5 cxd5 12. Ba3 d4 13.
Nb5 Bd7 14. Bxb7 Rb8 15. Nd6) 10... d5 11. fxe5 Ng4 12. cxd5 cxd5 13. d4 dxe4
14. h3) 10. O-O Nd7 {Ribli: 'Schwarz bereitet den Zug ...f7-f5 und
möglicherweise das Springermanöver ...Nc5-e6 vor.'} 11. Be3 {'+/=' Ribli.
Ribli: 'Weiß hat wegen seiner besseren Entwicklung seiner starken
Zentrumsstellung etwas bessere Chancen.'} f5 (11... Nc5 {Ribli} 12. d4 exd4 13.
Nxd4 $14) 12. Qd2 (12. f4 $6 {Ribli} fxe4 13. dxe4 exf4 14. gxf4 Nf6 $11) 12...
Nf6 13. h3 $14 fxe4 $6 (13... c6 $142 14. Rbd1 Be6 15. b3 $14) (13... Be6 {
Ribli} 14. b3 (14. exf5 $6 Nxf5 15. Bxb7 Nxe3 16. fxe3 Bxh3 17. Bxa8 Qxa8 $44)
14... Qd7 15. Kh2 $14) 14. dxe4 $16 {Ribli: 'Schwarz hat eine feste Stellung,
aber kein aktives Gegenspiel.'} Be6 15. b3 (15. Nd5 $5 {Ribli}) 15... Qd7 16.
Kh2 Kh8 17. Rbd1 b6 {Black has to stop c4-c5, but now the weakness of the
queenside becomes chronicle.} 18. Nd5 Neg8 19. Nec3 Rae8 20. a3 {'!' Ribli.
Ribli: 'Die positionelle weiße Drohung ist klar: Er möchte 21.b4 spielen und
eventuell c4-c5 folgen lassen.'} h6 {'?!' Ribli. Ribli: 'Dieser überflüssige
Zug schwächt die schwarze Königsstellung ohne besonderen Grund.'} (20... Bf7 $5
{Ribli}) 21. b4 axb4 22. axb4 {/\Ra1 (Re8-a8[]) Ra2 or Rfd1 /\c4-c5.} Nxd5 {
Ribli: 'Früher oder später muß Schwarz den starken weißen Springer nehmen.'}
23. cxd5 {><f5, קc7 Ribli: 'Die beiden anderen Z�ge sind ebensogut, aber nach
der Partiefortsetzung bietet sich dem Weißen ein klarer Plan: Angriff gegen
die Schwäche c7.'} (23. exd5 {Ribli} Bf7 (23... Bf5 $2 24. g4 $18) 24. Ne4 $14)
(23. Nxd5 {Ribli}) 23... Bf7 24. Ra1 (24. h4) 24... Ra8 25. Rfc1 {Ribli: 'Der
rückständige Bauer c7 ist in der halboffenen Linie eine dauerhafte Schwäche.'}
g5 {'?!' Ribli. Ribli: 'Ich glaube, es wäre besser, die Bauernschwäche h6 mit
dem König zu verteidigen.'} (25... Kh7 $5 {Ribli}) 26. Qd3 Nf6 (26... Bf6 $142
27. Nb5 Rxa1 28. Rxa1 Be8 29. Nc3) 27. Qb5 Qe7 (27... Qxb5 {Ribli} 28. Nxb5 $18
{[%csl Rc7]}) 28. Qc6 {Ribli: 'Weiß verschafft sich so die Kontrolle über die
a-Linie.'} Rxa1 29. Rxa1 Be8 30. Qc4 Bd7 31. Ra7 (31. Qxc7 $4 Rc8) 31... Ne8
32. Nb5 Bxb5 33. Qxb5 {/\Bxb6 Ribli: 'Weiß besitzt das Läuferpaar und hat
freie Hand am Damenflügel, während der schwarze c7-Bauer schwach ist. Der
"königsindische" Läufer auf g7 steht ebenfalls schlecht.'} Qf6 (33... Kh7 {
Ribli} 34. Qxb6 $18 {[%cal Ga7e7]}) 34. Qd7 Qg6 (34... Qf7 {Ribli} 35. Qxf7
Rxf7 36. Bxb6 $18) 35. Ra8 $18 {'+/-' Ribli. Ribli: 'Die Fesselung auf der 8.
Reihe bedeutet klaren Vorteil für Weiß.'} Kh7 {/\Nf6} 36. Qe7 Kg8 {Ribli:
'Schwarz muß bereits geduldig auf sein Ende warten.'} 37. Rc8 {קc7} Bf6 38.
Qe6+ Kh7 (38... Qf7 {Ribli} 39. Qxf7+ Kxf7 40. Bf1 $16 {[%cal Rf1b5,Rb5e8]} (
40. Bf3 $16 {[%cal Rf3h5,Rh5e8]})) 39. Qd7+ {'(+)' Ribli. Ribli: 'In Zeitnot
riskiert Weiß nicht viel. Er kann sich mit dem entscheidenden Schlag Zeit
lassen.'} (39. Bf1 $5 {[%cal Rf1b5,Rb5e8] Ribli} Ng7 {[%cal Rg7e6]} 40. Rxc7 {
[%cal Rc7h7]} Qxe4 41. Qxd6 $16) 39... Bg7 40. Qe7 Kg8 41. Kg1 (41. Bf1 Nf6 42.
Rxc7 Re8 43. Qxd6 Ng4+) 41... Bf6 42. Qe6+ Kh7 43. Qd7+ Bg7 44. Qe7 {/\Bf1-b5}
Rg8 $5 (44... Kg8 45. Bf1 Nf6 46. Rxc7 Re8 (46... Nxe4 $2 47. Bd3) 47. Qxd6
Qxe4 48. Bb5 Rf8 49. Qe7 $18) 45. Bf1 {'!' Ribli. Ribli: 'Endlich findet Weiß
eine Lösung. Der Läufer strebt nach b5 und Schwarz kann den Bauern c7 nicht
mehr retten.'} Kh8 (45... Qxe4 {Ribli} 46. Rxe8 $18) 46. f3 $1 {'!?' Ribli.
ץb5} (46. Bb5 {Ribli} Nf6) 46... Bf6 (46... Qh5 47. g4 Qh4 48. Bf2) (46... Nf6
47. Rxg8+ Kxg8 48. Qxc7 h5 49. g4 hxg4 50. hxg4 Nxe4 (50... Nxg4 51. Qc8+) 51.
Bd3) 47. Qe6 {ץb5} g4 $8 {'!?' Ribli. Even the computer considers this to be
the only move. Ribli: 'Schwarz fischt im Trüben, denn mit passiver
Verteidigung kann er die Partie sowieso nicht mehr retten.'} 48. hxg4 Bg5 49.
f4 (49. Qxg6 $6 {Ribli} Bxe3+ 50. Kg2 Rxg6 51. Rxe8+ Rg8 52. Re6 $14 {Weiß hat
einen Bauern mehr, aber die ungleichfarbigen Läufer helfen Schwarz im Kampf um
das Remis.}) 49... Qxe6 (49... Qxe4 50. Bf2 $18) 50. dxe6 exf4 (50... Bf6 {
Ribli} 51. Bc4) 51. gxf4 Bf6 52. Bc4 $1 {><e6-e7} Be7 (52... Rxg4+ {Ribli} 53.
Kh2 Rg8 54. e7 $18 {[%cal Rc4g8]}) 53. Bd4+ Bf6 (53... Nf6 54. Bxf6+ Bxf6 55.
Rxg8+ Kxg8 56. e7+) (53... Kh7 $142 54. Kf2 $18 (54. Kf2 {Ribli} Nf6 55. Bxf6
Rxc8 (55... Bxf6 56. Rxg8 Kxg8 57. e7+ $18 {[%cal Re7e8,Rc4g8]}) 56. Bxe7 $18))
54. Bf2 (54. e7 $18 {Ribli}) 54... Be7 55. Bd4+ Bf6 56. e7 {'+-' Ribli. Ribli:
'Der e-Bauer entscheidet die Partie.'} Bxd4+ 57. Kh2 (57. Kh2 Rg7 58. Rxe8+ Kh7
59. Rh8+) 1-0